[Event "ODJM B 2024"]
[Site "Willingen GER"]
[Date "2024.05.21"]
[Round "4"]
[White "Neumeier, Konstantin"]
[Black "Langer, Paul Georg"]
[Result "0-1"]
[Termination "normal"]
[Board "12"]
[WhiteElo "1710"]
[BlackElo "1882"]
[WhiteClock "01:17:32"]
[BlackClock "00:33:39"]
[PlyCount "88"]
[WhiteFideId "34608230"]
[BlackFideId "16230051"]
[EventCountry "GER"]
[EventRounds "9"]
[EventType "swiss"]
[EventDate "2024.05.18"]

1. e4 {[%clk 01:30:58]} {[%emt 00:00:01]} e6 {[%clk 01:30:50]} {[%emt
00:00:11]} 2. b3 {[%clk 01:31:19]} {[%emt 00:00:07]} c5 {[%clk 01:31:14]}
{[%emt 00:00:08]} 3. Bb2 {[%clk 01:31:36]} {[%emt 00:00:12]} Nc6 {[%clk
01:31:35]} {[%emt 00:00:09]} 4. Nf3 {[%clk 01:31:47]} {[%emt 00:00:19]} d6
{[%clk 01:31:53]} {[%emt 00:00:12]} 5. Bb5 {[%clk 01:32:00]} {[%emt 00:00:17]}
Bd7 {[%clk 01:31:19]} {[%emt 00:01:05]} 6. Bxc6 {[%clk 01:32:19]} {[%emt
00:00:12]} Bxc6 {[%clk 01:31:06]} {[%emt 00:00:42]} 7. d3 {[%clk 01:32:43]}
{[%emt 00:00:06]} e5 {[%clk 01:31:04]} {[%emt 00:00:32]} 8. O-O {[%clk
01:32:36]} {[%emt 00:00:36]} g6 {[%clk 01:31:19]} {[%emt 00:00:15]} 9. Nbd2
{[%clk 01:32:16]} {[%emt 00:00:51]} Bg7 {[%clk 01:31:07]} {[%emt 00:00:42]} 10.
c3 {[%clk 01:31:34]} {[%emt 00:01:11]} Ne7 {[%clk 01:25:37]} {[%emt 00:06:01]}
11. Re1 {[%clk 01:31:47]} {[%emt 00:00:16]} O-O {[%clk 01:25:52]} {[%emt
00:00:16]} 12. d4 {[%clk 01:32:14]} {[%emt 00:00:03]} h6 {[%clk 01:24:29]}
{[%emt 00:01:53]} 13. Nc4 {[%clk 01:27:25]} {[%emt 00:05:19]} b5 {[%clk
01:17:30]} {[%emt 00:07:29]} 14. Ncd2 {[%clk 01:27:12]} {[%emt 00:00:42]} g5
{[%clk 01:17:03]} {[%emt 00:00:57]} 15. h3 {[%clk 01:27:11]} {[%emt 00:00:31]}
Ng6 {[%clk 01:16:46]} {[%emt 00:00:47]} 16. dxc5 {[%clk 01:24:47]} {[%emt
00:02:54]} dxc5 {[%clk 01:14:41]} {[%emt 00:02:36]} 17. c4 {[%clk 01:24:53]}
{[%emt 00:00:23]} b4 {[%clk 01:13:41]} {[%emt 00:01:31]} 18. Nf1 {[%clk
01:24:36]} {[%emt 00:00:46]} Qe7 {[%clk 01:11:32]} {[%emt 00:02:40]} 19. Ng3
{[%emt 00:10:32]} Qb7 {[%clk 01:02:09]} 20. Qc2 {[%clk 01:22:41]} {[%emt
00:02:15]} f6 {[%clk 00:56:16]} {[%emt 00:06:24]} 21. Nf5 {[%clk 01:22:47]}
{[%emt 00:00:23]} h5 {[%clk 00:54:39]} {[%emt 00:02:08]} 22. Nxg7 {[%clk
01:22:25]} {[%emt 00:00:51]} Qxg7 {[%clk 00:53:46]} {[%emt 00:01:23]} 23. a3
{[%clk 01:22:39]} {[%emt 00:00:16]} a5 {[%clk 00:53:10]} {[%emt 00:01:06]} 24.
axb4 {[%clk 01:21:56]} {[%emt 00:01:14]} axb4 {[%clk 00:52:01]} {[%emt
00:01:39]} 25. Rxa8 {[%clk 01:22:10]} {[%emt 00:00:15]} Rxa8 {[%clk 00:51:59]}
{[%emt 00:00:32]} 26. Ra1 {[%clk 01:21:39]} {[%emt 00:01:01]} Rd8 {[%clk
00:50:52]} {[%emt 00:01:37]} 27. Ra6 {[%clk 01:20:58]} {[%emt 00:01:11]} Qb7
{[%clk 00:50:51]} {[%emt 00:00:32]} 28. Ra5 {[%clk 01:19:52]} {[%emt 00:01:36]}
Bxe4 {[%clk 00:49:33]} {[%emt 00:01:47]} 29. Qe2 {[%clk 01:19:59]} {[%emt
00:00:24]} Nf4 {[%clk 00:47:24]} {[%emt 00:02:39]} 30. Qe3 {[%clk 01:19:43]}
{[%emt 00:00:45]} Bxf3 {[%clk 00:35:43]} {[%emt 00:12:12]} 31. gxf3 {[%clk
01:18:44]} {[%emt 00:01:28]} Rd1+ {[%clk 00:35:18]} {[%emt 00:00:55]} 32. Kh2
{[%clk 01:19:01]} {[%emt 00:00:12]} Qd7 {[%clk 00:35:26]} {[%emt 00:00:23]} 33.
Ra8+ {[%clk 01:17:39]} {[%emt 00:01:53]} Kg7 {[%clk 00:35:44]} {[%emt
00:00:12]} 34. Ra7 {[%clk 01:15:28]} {[%emt 00:02:40]} Qxa7 {[%clk 00:36:07]}
{[%emt 00:00:07]} 35. Bxe5 {[%clk 01:15:53]} {[%emt 00:00:05]} fxe5 {[%clk
00:35:22]} {[%emt 00:01:15]} 36. Qxe5+ {[%clk 01:16:16]} {[%emt 00:00:06]} Kh6
{[%clk 00:35:40]} {[%emt 00:00:12]} 37. Qh8+ {[%clk 01:16:10]} {[%emt
00:00:35]} Qh7 {[%clk 00:35:36]} {[%emt 00:00:36]} 38. Qf8+ {[%clk 01:16:27]}
{[%emt 00:00:14]} Qg7 {[%clk 00:35:32]} {[%emt 00:00:33]} 39. Qxc5 {[%clk
01:16:45]} {[%emt 00:00:12]} Ne6 {[%clk 00:33:45]} {[%emt 00:02:16]} 40. Qxb4
{[%clk 01:17:02]} {[%emt 00:00:15]} Qa1 {[%clk 00:33:18]} {[%emt 00:00:57]} 41.
f4 {[%clk 01:16:36]} {[%emt 00:00:55]} Rh1+ {[%clk 00:33:02]} {[%emt 00:00:46]}
42. Kg2 {[%clk 01:16:55]} {[%emt 00:00:09]} Qf1+ {[%clk 00:33:19]} {[%emt
00:00:15]} 43. Kf3 {[%clk 01:17:15]} {[%emt 00:00:09]} Qd3+ {[%clk 00:33:44]}
{[%emt 00:00:06]} 44. Kg2 {[%clk 01:17:32]} {[%emt 00:00:12]} Qxh3# {[%clk
00:33:39]} {[%emt 00:00:05]} 0-1

[Event "ODJM B 2024"]
[Site "Willingen GER"]
[Date "2024.05.21"]
[Round "4"]
[White "Klein, Raphael"]
[Black "Tabales, Lennart"]
[Result "1-0"]
[Termination "normal"]
[Board "13"]
[WhiteElo "1673"]
[BlackElo "1587"]
[WhiteClock "00:09:12"]
[BlackClock "00:01:18"]
[PlyCount "55"]
[WhiteFideId "16283791"]
[BlackFideId "34604057"]
[EventCountry "GER"]
[EventRounds "9"]
[EventType "swiss"]
[EventDate "2024.05.18"]

1. e4 {[%clk 01:30:56]} {[%emt 00:00:03]} c5 {[%clk 01:30:52]} {[%emt
00:00:09]} 2. c3 {[%clk 01:31:22]} {[%emt 00:00:04]} d5 {[%clk 01:31:04]}
{[%emt 00:00:19]} 3. exd5 {[%clk 01:31:38]} {[%emt 00:00:13]} Qxd5 {[%clk
01:30:48]} {[%emt 00:00:46]} 4. d4 {[%clk 01:32:02]} {[%emt 00:00:05]} cxd4
{[%clk 01:30:24]} {[%emt 00:00:55]} 5. cxd4 {[%clk 01:31:36]} {[%emt 00:00:56]}
Nc6 {[%clk 01:30:39]} {[%emt 00:00:16]} 6. Nf3 {[%clk 01:29:57]} {[%emt
00:02:08]} Bg4 {[%clk 01:30:56]} {[%emt 00:00:13]} 7. Nc3 {[%clk 01:29:44]}
{[%emt 00:00:42]} Bxf3 {[%clk 01:20:53]} {[%emt 00:10:34]} 8. gxf3 {[%clk
01:25:22]} {[%emt 00:04:53]} Qxd4 {[%clk 01:05:20]} {[%emt 00:16:01]} 9. Qxd4
{[%clk 01:25:44]} {[%emt 00:00:09]} Nxd4 {[%clk 01:05:40]} {[%emt 00:00:10]}
10. Nb5 {[%clk 01:26:00]} {[%emt 00:00:14]} Ne6 {[%clk 00:51:09]} {[%emt
00:15:02]} 11. Be3 {[%clk 01:22:05]} {[%emt 00:04:24]} a6 {[%clk 00:49:37]}
{[%emt 00:02:03]} 12. Nc3 {[%clk 01:13:41]} {[%emt 00:08:53]} Nf6 {[%clk
00:48:26]} {[%emt 00:01:41]} 13. Bg2 {[%clk 01:07:35]} {[%emt 00:06:36]} Rd8
{[%clk 00:40:27]} {[%emt 00:08:29]} 14. f4 {[%clk 00:58:55]} {[%emt 00:09:09]}
Rd7 {[%clk 00:36:35]} {[%emt 00:04:23]} 15. O-O {[%clk 00:48:55]} {[%emt
00:10:30]} Nd8 {[%clk 00:19:18]} {[%emt 00:17:47]} 16. Na4 {[%clk 00:37:19]}
{[%emt 00:12:06]} e6 {[%clk 00:16:20]} {[%emt 00:03:28]} 17. Nb6 {[%clk
00:31:11]} {[%emt 00:06:38]} Rc7 {[%clk 00:14:07]} {[%emt 00:02:44]} 18. Rac1
{[%clk 00:25:40]} {[%emt 00:06:00]} Bd6 {[%clk 00:11:01]} {[%emt 00:03:36]} 19.
Nc4 {[%clk 00:22:42]} {[%emt 00:03:28]} Be7 {[%clk 00:07:32]} {[%emt 00:03:59]}
20. Bb6 {[%clk 00:20:59]} {[%emt 00:02:12]} Rd7 {[%clk 00:06:56]} {[%emt
00:01:06]} 21. Ne5 {[%clk 00:19:57]} {[%emt 00:01:33]} Rd2 {[%clk 00:05:19]}
{[%emt 00:02:07]} 22. Rc8 {[%clk 00:10:44]} {[%emt 00:09:41]} Rxb2 {[%clk
00:02:06]} {[%emt 00:03:45]} 23. Bxd8 {[%clk 00:09:20]} {[%emt 00:01:54]} Bxd8
{[%clk 00:02:30]} {[%emt 00:00:06]} 24. Rd1 {[%clk 00:09:33]} {[%emt 00:00:16]}
Ke7 {[%clk 00:02:12]} {[%emt 00:00:49]} 25. Bxb7 {[%clk 00:08:50]} {[%emt
00:01:13]} Nd5 {[%clk 00:01:09]} {[%emt 00:01:34]} 26. Bxd5 {[%clk 00:08:31]}
{[%emt 00:00:48]} exd5 {[%clk 00:01:27]} {[%emt 00:00:11]} 27. Rxd5 {[%clk
00:08:55]} {[%emt 00:00:07]} Rb6 {[%clk 00:01:18]} {[%emt 00:00:39]} 28. Rd7+
{[%clk 00:09:12]} {[%emt 00:00:13]} 1-0

[Event "ODJM B 2024"]
[Site "Willingen GER"]
[Date "2024.05.21"]
[Round "4"]
[White "Averkova, Mariia"]
[Black "Fettig, Michel"]
[Result "1/2-1/2"]
[Termination "normal"]
[Board "15"]
[WhiteElo "1608"]
[BlackElo "1680"]
[WhiteClock "00:19:42"]
[BlackClock "00:50:51"]
[PlyCount "70"]
[WhiteFideId "34651470"]
[BlackFideId "34608982"]
[EventCountry "GER"]
[EventRounds "9"]
[EventType "swiss"]
[EventDate "2024.05.18"]

1. e4 {[%clk 01:30:58]} e6 {[%clk 01:30:50]} {[%emt 00:00:10]} 2. Qe2 {[%clk
01:31:21]} {[%emt 00:00:08]} c6 {[%clk 01:30:16]} {[%emt 00:01:05]} 3. Nc3
{[%clk 01:29:15]} {[%emt 00:02:35]} d5 {[%clk 01:30:12]} {[%emt 00:00:34]} 4.
exd5 {[%clk 01:27:36]} {[%emt 00:02:09]} cxd5 {[%clk 01:30:31]} {[%emt
00:00:10]} 5. g3 {[%clk 01:26:03]} {[%emt 00:02:03]} Nc6 {[%clk 01:30:18]}
{[%emt 00:00:44]} 6. a3 {[%clk 01:22:28]} {[%emt 00:04:06]} Bd6 {[%clk
01:27:39]} {[%emt 00:03:08]} 7. Bg2 {[%clk 01:17:43]} {[%emt 00:05:15]} Nge7
{[%clk 01:27:43]} {[%emt 00:00:26]} 8. Nf3 {[%clk 01:16:43]} {[%emt 00:01:31]}
a6 {[%clk 01:27:32]} {[%emt 00:00:40]} 9. O-O {[%clk 01:16:03]} {[%emt
00:01:10]} Qc7 {[%clk 01:26:43]} {[%emt 00:01:18]} 10. d3 {[%clk 01:14:50]}
{[%emt 00:01:43]} Bd7 {[%clk 01:24:25]} {[%emt 00:02:49]} 11. Bd2 {[%clk
01:12:30]} {[%emt 00:02:49]} h5 {[%clk 01:23:59]} {[%emt 00:00:56]} 12. h4
{[%clk 01:09:08]} {[%emt 00:03:53]} Bc5 {[%clk 01:22:05]} {[%emt 00:02:22]} 13.
Bf4 {[%clk 01:06:52]} {[%emt 00:02:48]} e5 {[%clk 01:21:10]} {[%emt 00:01:24]}
14. Bxe5 {[%clk 01:04:10]} {[%emt 00:03:12]} Nxe5 {[%clk 01:16:05]} {[%emt
00:05:36]} 15. Qxe5 {[%clk 01:03:41]} {[%emt 00:00:59]} Bd6 {[%clk 01:16:08]}
{[%emt 00:00:27]} 16. Qe2 {[%clk 01:00:39]} {[%emt 00:03:30]} O-O-O {[%clk
01:16:04]} {[%emt 00:00:36]} 17. Ng5 {[%clk 00:59:45]} {[%emt 00:01:23]} Bg4
{[%clk 01:09:56]} {[%emt 00:06:39]} 18. Qd2 {[%clk 00:48:31]} {[%emt 00:11:44]}
Rhf8 {[%clk 01:04:58]} {[%emt 00:05:27]} 19. Nxd5 {[%clk 00:44:46]} {[%emt
00:04:16]} Nxd5 {[%clk 01:05:06]} {[%emt 00:00:22]} 20. Bxd5 {[%clk 00:45:08]}
{[%emt 00:00:08]} Bc5 {[%clk 01:05:23]} {[%emt 00:00:12]} 21. Bg2 {[%clk
00:41:07]} {[%emt 00:04:32]} Qxg3 {[%clk 01:03:56]} {[%emt 00:01:56]} 22. Ne4
{[%clk 00:40:47]} {[%emt 00:00:51]} Qe5 {[%clk 01:03:16]} {[%emt 00:01:10]} 23.
Nxc5 {[%clk 00:40:56]} {[%emt 00:00:20]} Qxc5 {[%clk 01:03:44]} {[%emt
00:00:02]} 24. Qe3 {[%clk 00:38:23]} {[%emt 00:03:03]} Qxe3 {[%clk 01:02:14]}
{[%emt 00:02:00]} 25. fxe3 {[%clk 00:38:23]} {[%emt 00:00:31]} f5 {[%clk
01:02:22]} {[%emt 00:00:22]} 26. Rf4 {[%clk 00:38:06]} {[%emt 00:00:47]} g5
{[%clk 01:01:03]} {[%emt 00:01:49]} 27. Rc4+ {[%clk 00:37:45]} {[%emt
00:00:51]} Kb8 {[%clk 01:01:16]} {[%emt 00:00:17]} 28. hxg5 {[%clk 00:37:42]}
{[%emt 00:00:32]} Rg8 {[%clk 01:01:09]} {[%emt 00:00:37]} 29. Rf1 {[%clk
00:36:43]} {[%emt 00:01:29]} Rxg5 {[%clk 01:01:20]} {[%emt 00:00:20]} 30. Kh2
{[%clk 00:36:08]} {[%emt 00:01:05]} Rdg8 {[%clk 01:01:33]} {[%emt 00:00:17]}
31. Rf2 {[%clk 00:35:26]} {[%emt 00:01:12]} h4 {[%clk 01:01:32]} {[%emt
00:00:30]} 32. Rcf4 {[%clk 00:28:45]} {[%emt 00:07:11]} Ka7 {[%clk 00:55:17]}
{[%emt 00:06:45]} 33. e4 {[%clk 00:25:49]} {[%emt 00:03:26]} fxe4 {[%clk
00:53:48]} {[%emt 00:01:59]} 34. Bxe4 {[%clk 00:25:49]} {[%emt 00:00:31]} h3
{[%clk 00:51:41]} {[%emt 00:02:37]} 35. b3 {[%clk 00:19:42]} {[%emt 00:06:37]}
Be6 {[%clk 00:50:51]} {[%emt 00:01:19]} 1/2-1/2

[Event "ODJM B 2024"]
[Site "Willingen GER"]
[Date "2024.05.21"]
[Round "4"]
[White "Prashanthakumar, Arju"]
[Black "Briese, Paul"]
[Result "1/2-1/2"]
[Termination "normal"]
[Board "16"]
[WhiteElo "1668"]
[BlackElo "1625"]
[WhiteClock "00:02:47"]
[BlackClock "00:14:22"]
[PlyCount "85"]
[WhiteFideId "34604065"]
[BlackFideId "16273826"]
[EventCountry "GER"]
[EventRounds "9"]
[EventType "swiss"]
[EventDate "2024.05.18"]

1. e4 {[%clk 01:30:58]} {[%emt 00:00:02]} e5 {[%clk 01:30:53]} {[%emt
00:00:07]} 2. Bc4 {[%clk 01:31:18]} {[%emt 00:00:11]} Nc6 {[%clk 01:30:44]}
{[%emt 00:00:38]} 3. Nc3 {[%clk 01:31:28]} {[%emt 00:00:20]} Bc5 {[%clk
01:30:23]} {[%emt 00:00:51]} 4. Qg4 {[%clk 01:30:40]} {[%emt 00:01:18]} g6
{[%clk 01:26:22]} {[%emt 00:04:31]} 5. Qf3 {[%clk 01:24:24]} {[%emt 00:06:46]}
Qf6 {[%clk 01:21:33]} {[%emt 00:05:19]} 6. Nd5 {[%clk 01:23:11]} {[%emt
00:01:42]} Qxf3 {[%clk 01:21:53]} {[%emt 00:00:11]} 7. Nxf3 {[%clk 01:23:30]}
{[%emt 00:00:11]} Bd6 {[%clk 01:17:35]} {[%emt 00:04:47]} 8. O-O {[%clk
01:18:43]} {[%emt 00:05:17]} Na5 {[%clk 01:13:02]} {[%emt 00:05:04]} 9. Bb3
{[%clk 01:15:21]} {[%emt 00:03:52]} Nxb3 {[%clk 01:12:48]} {[%emt 00:00:45]}
10. axb3 {[%clk 01:15:44]} {[%emt 00:00:06]} c6 {[%clk 01:12:43]} {[%emt
00:00:35]} 11. Nc3 {[%clk 01:15:31]} {[%emt 00:00:43]} f6 {[%clk 01:11:51]}
{[%emt 00:01:22]} 12. d4 {[%clk 01:10:12]} {[%emt 00:05:49]} exd4 {[%clk
01:11:51]} {[%emt 00:00:30]} 13. Nxd4 {[%clk 01:10:32]} {[%emt 00:00:10]} Be5
{[%clk 01:11:30]} {[%emt 00:00:50]} 14. Be3 {[%clk 01:09:46]} {[%emt 00:01:17]}
b6 {[%clk 01:05:45]} {[%emt 00:06:16]} 15. f4 {[%clk 01:07:16]} {[%emt
00:02:59]} Bc7 {[%clk 01:03:35]} {[%emt 00:02:40]} 16. e5 {[%clk 00:59:53]}
{[%emt 00:07:53]} f5 {[%clk 00:56:09]} {[%emt 00:07:56]} 17. e6 {[%clk
00:58:22]} {[%emt 00:02:01]} Ne7 {[%clk 00:52:55]} {[%emt 00:03:44]} 18. exd7+
{[%clk 00:57:47]} {[%emt 00:01:05]} Bxd7 {[%clk 00:50:00]} {[%emt 00:03:25]}
19. Rfe1 {[%clk 00:52:35]} {[%emt 00:05:40]} O-O {[%clk 00:48:16]} {[%emt
00:02:15]} 20. Rad1 {[%clk 00:50:06]} {[%emt 00:02:59]} Rad8 {[%clk 00:46:32]}
{[%emt 00:02:16]} 21. Bf2 {[%clk 00:47:09]} {[%emt 00:03:26]} Nd5 {[%clk
00:43:35]} {[%emt 00:03:27]} 22. Nxd5 {[%clk 00:43:11]} {[%emt 00:04:28]} cxd5
{[%clk 00:44:02]} {[%emt 00:00:03]} 23. g3 {[%clk 00:36:00]} {[%emt 00:07:40]}
Kf7 {[%clk 00:37:17]} {[%emt 00:07:16]} 24. Nf3 {[%clk 00:30:34]} {[%emt
00:05:55]} h6 {[%clk 00:31:13]} {[%emt 00:06:35]} 25. Rxd5 {[%clk 00:26:57]}
{[%emt 00:04:07]} Bc6 {[%clk 00:31:22]} {[%emt 00:00:20]} 26. Ne5+ {[%clk
00:24:47]} {[%emt 00:02:40]} Bxe5 {[%clk 00:31:26]} {[%emt 00:00:26]} 27. Rdxe5
{[%clk 00:24:52]} {[%emt 00:00:25]} Rfe8 {[%clk 00:31:29]} {[%emt 00:00:27]}
28. Rxe8 {[%clk 00:22:46]} {[%emt 00:02:36]} Rxe8 {[%clk 00:31:37]} {[%emt
00:00:22]} 29. Rxe8 {[%clk 00:18:56]} {[%emt 00:04:20]} Kxe8 {[%clk 00:31:59]}
{[%emt 00:00:09]} 30. Kf1 {[%clk 00:18:18]} {[%emt 00:01:07]} Ke7 {[%clk
00:31:41]} {[%emt 00:00:49]} 31. Ke2 {[%clk 00:18:07]} {[%emt 00:00:40]} Be4
{[%clk 00:31:44]} {[%emt 00:00:27]} 32. c4 {[%clk 00:17:36]} {[%emt 00:01:02]}
Kd6 {[%clk 00:29:22]} {[%emt 00:02:52]} 33. Kd2 {[%clk 00:14:41]} {[%emt
00:03:25]} Kc6 {[%clk 00:25:36]} {[%emt 00:04:16]} 34. Kc3 {[%clk 00:14:45]}
{[%emt 00:00:26]} a6 {[%clk 00:23:37]} {[%emt 00:02:29]} 35. Kd4 {[%clk
00:12:22]} {[%emt 00:02:52]} Kd6 {[%clk 00:20:17]} {[%emt 00:03:51]} 36. b4
{[%clk 00:11:13]} {[%emt 00:01:39]} b5 {[%clk 00:18:33]} {[%emt 00:02:14]} 37.
Kc3 {[%clk 00:06:24]} {[%emt 00:05:18]} Bg2 {[%clk 00:17:31]} {[%emt 00:01:31]}
38. Bc5+ {[%clk 00:06:21]} {[%emt 00:00:34]} Ke6 {[%clk 00:16:55]} {[%emt
00:01:06]} 39. Kd4 {[%clk 00:04:08]} {[%emt 00:02:43]} bxc4 {[%clk 00:15:45]}
{[%emt 00:01:40]} 40. Bf8 {[%clk 00:04:06]} {[%emt 00:00:32]} h5 {[%clk
00:15:33]} {[%emt 00:00:42]} 41. b5 {[%clk 00:03:14]} {[%emt 00:01:23]} axb5
{[%clk 00:14:46]} {[%emt 00:01:17]} 42. Kc5 {[%clk 00:03:31]} {[%emt 00:00:13]}
Bf1 {[%clk 00:14:22]} {[%emt 00:00:54]} 43. Bg7 {[%clk 00:02:47]} {[%emt
00:01:13]} 1/2-1/2

[Event "ODJM B 2024"]
[Site "Willingen GER"]
[Date "2024.05.21"]
[Round "4"]
[White "Bock, Leonas"]
[Black "Studzinski, Bruno"]
[Result "1-0"]
[Termination "normal"]
[Board "17"]
[WhiteElo "1603"]
[BlackElo "1815"]
[WhiteClock "00:06:35"]
[BlackClock "00:04:53"]
[PlyCount "49"]
[WhiteFideId "16287118"]
[BlackFideId "16296478"]
[EventCountry "GER"]
[EventRounds "9"]
[EventType "swiss"]
[EventDate "2024.05.18"]

1. d4 {[%clk 01:30:50]} {[%emt 00:00:08]} Nf6 {[%clk 01:30:56]} {[%emt
00:00:05]} 2. Nf3 {[%clk 01:31:14]} {[%emt 00:00:06]} e6 {[%clk 01:31:23]}
{[%emt 00:00:03]} 3. e3 {[%clk 01:31:35]} {[%emt 00:00:09]} b6 {[%clk
01:31:45]} {[%emt 00:00:09]} 4. Bd3 {[%clk 01:30:21]} {[%emt 00:01:42]} d5
{[%clk 01:31:48]} {[%emt 00:00:28]} 5. O-O {[%clk 01:30:21]} {[%emt 00:00:30]}
Bd6 {[%clk 01:32:11]} {[%emt 00:00:07]} 6. Nbd2 {[%clk 01:30:39]} {[%emt
00:00:12]} Bb7 {[%clk 01:31:50]} {[%emt 00:00:52]} 7. b3 {[%clk 01:30:30]}
{[%emt 00:00:38]} O-O {[%clk 01:32:07]} {[%emt 00:00:13]} 8. Bb2 {[%clk
01:30:42]} {[%emt 00:00:18]} c5 {[%clk 01:31:43]} {[%emt 00:00:54]} 9. c4
{[%clk 01:27:27]} {[%emt 00:03:46]} Nc6 {[%clk 01:31:09]} {[%emt 00:01:03]} 10.
a3 {[%clk 01:27:09]} {[%emt 00:00:48]} cxd4 {[%clk 01:23:02]} {[%emt 00:08:37]}
11. exd4 {[%clk 01:23:17]} {[%emt 00:04:22]} Rc8 {[%clk 01:21:18]} {[%emt
00:02:14]} 12. Rc1 {[%clk 01:19:55]} {[%emt 00:03:52]} Qe7 {[%clk 01:19:53]}
{[%emt 00:01:55]} 13. cxd5 {[%clk 01:07:07]} {[%emt 00:13:17]} Nxd5 {[%clk
01:18:54]} {[%emt 00:01:30]} 14. Nc4 {[%clk 01:05:24]} {[%emt 00:02:13]} Bf4
{[%clk 01:14:37]} {[%emt 00:04:47]} 15. Rc2 {[%clk 01:02:32]} {[%emt 00:03:22]}
Rfd8 {[%clk 01:13:25]} {[%emt 00:01:42]} 16. Re1 {[%clk 00:50:31]} {[%emt
00:12:31]} Nf6 {[%clk 00:54:03]} {[%emt 00:19:52]} 17. Qe2 {[%clk 00:40:26]}
{[%emt 00:10:34]} Bh6 {[%clk 00:42:14]} {[%emt 00:12:19]} 18. Rd1 {[%clk
00:33:16]} {[%emt 00:07:40]} g6 {[%clk 00:33:37]} {[%emt 00:09:08]} 19. Nce5
{[%clk 00:26:13]} {[%emt 00:07:33]} Nb8 {[%clk 00:16:50]} {[%emt 00:17:17]} 20.
Nc4 {[%clk 00:15:48]} {[%emt 00:10:55]} Nc6 {[%clk 00:13:33]} {[%emt 00:03:47]}
21. Nce5 {[%clk 00:15:03]} {[%emt 00:01:14]} Qd6 {[%clk 00:11:38]} {[%emt
00:02:26]} 22. Nxc6 {[%clk 00:09:38]} {[%emt 00:05:55]} Bxc6 {[%clk 00:10:48]}
{[%emt 00:01:21]} 23. Ba6 {[%clk 00:06:59]} {[%emt 00:03:08]} Rc7 {[%clk
00:10:19]} {[%emt 00:01:00]} 24. d5 {[%clk 00:06:28]} {[%emt 00:01:00]} Nd7
{[%clk 00:04:53]} {[%emt 00:05:56]} 25. dxc6 {[%clk 00:06:35]} {[%emt
00:00:22]} 1-0